| 000 | 00718nam a2200253Ia 4500 | ||
|---|---|---|---|
| 003 | OSt | ||
| 005 | 20220925215038.0 | ||
| 006 | a|||||r|||| 00| 0 | ||
| 007 | ta | ||
| 008 | 220923b |||||||| |||| 00| 0 eng d | ||
| 037 | _cGeneral Book | ||
| 040 |
_aRTL _cRTL _beng |
||
| 041 |
_2eng _aeng |
||
| 082 | _aX :31.654s, J1/GD | ||
| 100 |
_aPrest A R _9123006 |
||
| 245 | 0 | _aNational income of Nigeria | |
| 260 |
_aLondon _bH M S O UK _c1951 |
||
| 300 |
_a122p _ccm. |
||
| 490 | _aGreat Britain, Colonial Office, Publication | ||
| 650 | _aNational Income | ||
| 700 |
_a Stewart I G _9123718 |
||
| 942 |
_hX :31.654s, J1/GD _cGB _2CC |
||
| 999 |
_c567678 _d567678 |
||